Statistics for Country By Second Vowel - I

Click here to take the quiz!

General Stats

  • This quiz has been taken 36 times
    (14 since last reset)
  • The average score is 30 of 43

Answer Stats

ContinentAnswer% Correct
N. AmericaSaint Kitts and Nevis
100%
EuropeUnited Kingdom
100%
EuropeBelgium
86%
S. AmericaBrazil
86%
N. AmericaDominica
86%
N. AmericaDominican Republic
86%
AfricaGuinea
86%
AfricaGuinea Bissau
86%
N. AmericaSaint Lucia
86%
N. AmericaSaint Vincent and the Grenadines
86%
S. AmericaSuriname
86%
AsiaUnited Arab Emirates
86%
N. AmericaUnited States of America
86%
AfricaBenin
71%
EuropeBosnia and Herzegovina
71%
AfricaEthiopia
71%
OceaniaFiji
71%
N. AmericaHaiti
71%
AfricaMali
71%
N. AmericaMexico
71%
AsiaPakistan
71%
EuropeRussia
71%
EuropeSerbia
71%
EuropeSpain
71%
AsiaThailand
71%
N. AmericaTrinidad and Tobago
71%
EuropeVatican City
71%
AfricaZambia
71%
N. AmericaAntigua and Barbuda
57%
N. AmericaBelize
57%
S. AmericaBolivia
57%
AfricaEritrea
57%
AsiaIndia
57%
OceaniaKiribati
57%
AsiaLatvia
57%
AsiaMaldives
57%
AsiaPhilippines
57%
AsiaTaiwan
57%
AfricaTunisia
57%
AfricaBurkina Faso
43%
AfricaGambia
43%
AfricaNamibia
43%
AsiaTajikistan
29%

Score Distribution

Percentile by Number Answered

Percent of People with Each Score

Your Score History

You have not taken this quiz since the last reset